000 01241nam a2200253Ia 4500
999 _c53445
_d53445
001 20489
003 GE_BSU
005 20210104184402.0
008 181216s1981||||ge |||||||||||||| || ||
040 _cGE_BSU
041 _ageo
080 _a811.353.1-8(075.3) შ-21
100 _aშანიძე, ა.
_99974
245 _aქართული ენის გრამატიკა ნაწ. 2 : სინტაქსი (მართლწერის საკითხებითურთ) :
_bVII-VIII კლ. სახელმძღ. /
_cა. შანიძე, ლ. კვაჭაძე ; რედ. ე. პოლოლიკაშვილი.
250 _aმე-18 გამოცემა
264 _aთბილისი :
_bგანათლება,
_c1981.
300 _a136 გვ. ;
_c21 სმ.
541 _h30 თ.
653 _aქართული ენის გრამატიკა
653 _a სინტაქსი (მართლწერის საკითხებითურთ)
700 _aკვაჭაძე, ლ.
_eავტორი
_99975
700 _aპოლოლიკაშვილი, ე.
_eრედაქტორი
_94959
942 _cBK
_2udc